00486nam a2200169Ia 450000500170000000800410001702000180005808200130007610000140008924500340010326000400013730000130017765000100019094200060020095200950020699900150030120241112000035.0240331s9999 xx 000 0 und d a9780670085767 bGOKa823 aGokhale,N 0aPRIYA :bIn Incredible Indyaa aNew YorkbPenguin Books Indiac2011 a195 p ., aNovel cL 001040708LaWERCLbWERCLcSSCd2024-03-31l0o 823 GOKp6735r2024-03-31w2024-03-31yL c5693d5693